header

Attachment and sexuality in clinical practice (Record no. 129274)

MARC details
000 -LEADER
fixed length control field 01550nam a2200361Ia 4500
245 10 - TITLE STATEMENT
Title Attachment and sexuality in clinical practice
260 ## - PUBLICATION, DISTRIBUTION, ETC. (IMPRINT)
Place of publication London ;
-- New York :
Name of publisher Karnac,
Year of publication c2005.
300 ## - PHYSICAL DESCRIPTION
Number of Pages viii, 97 p.
650 #0 - SUBJECT ADDED ENTRY--TOPICAL TERM
Topical Term Attachment behavior
Topical Term Interpersonal relations
Topical Term Sex (Psychology)
Topical Term Psychotherapy
700 1# - ADDED ENTRY--PERSONAL NAME
Personal name White, Kate,
Personal name Bowlby, John.
856 40 - ELECTRONIC LOCATION AND ACCESS
Uniform Resource Identifier http://site.ebrary.com/lib/rucke/Doc?id=10463947

No items available.

© 2026 Rongo University
Contact us: librarian | system librarian | Rongo university